Statistieken voor Landen zonder Kustlijn

Klik hier om de quiz te nemen!

Algemene statistieken

  • Deze quiz is 2.121 keer genomen
  • De gemiddelde score is 32 van 45

Antwoordstatistieken

OppervlakteLand% Correct
1.564.100Mongolië
88%
83.871Oostenrijk
88%
0.44Vaticaanstad
87%
41.284Zwitserland
87%
2.724.900Kazachstan
85%
160Liechtenstein
85%
468Andorra
84%
61San Marino
84%
406.752Paraguay
83%
1.098.581Bolivia
82%
2.586Luxemburg
82%
49.035Slowakije
80%
78.867Tsjechië
80%
1.267.000Niger
79%
93.028Hongarije
78%
147.181Nepal
76%
1.240.192Mali
75%
1.284.000Tsjaad
75%
447.400Oezbekistan
72%
88.361Servië
72%
619.745Zuid-Soedan
72%
488.100Turkmenistan
71%
38.394Bhutan
70%
622.984Centraal-Afrikaanse Republiek
70%
199.951Kirgizië
70%
10.908Kosovo
70%
143.100Tadzjikistan
70%
30.355Lesotho
67%
582.000Botswana
66%
26.338Rwanda
66%
647.500Afghanistan
65%
25.713Noord-Macedonië
65%
752.612Zambia
65%
207.600Belarus
64%
390.757Zimbabwe
64%
17.364Eswatini
63%
27.834Burundi
62%
274.222Burkina Faso
61%
33.846Moldavië
61%
241.038Oeganda
61%
236.800Laos
60%
1.104.300Ethiopië
57%
118.484Malawi
56%
29.743Armenië
54%
86.600Azerbeidzjan
47%

Scoreverdeling

Percentiel versus Aantal Correcte Antwoorden

Procent van Mensen met Elke Score

Uw Scoregeschiedenis

U heeft deze quiz nog niet genomen